| 000 | 00368nam a22001217a 4500 | ||
|---|---|---|---|
| 082 | _a340 | ||
| 100 | _aMuhammad Mazhar Hassan Nizami | ||
| 245 |
_aThe code of criminal procedure with commentary _cMuhammad Mazhar Hassan Nizami |
||
| 260 |
_aLahore _bPLD publishers _c2019 |
||
| 300 | _a1003p | ||
| 942 |
_2ddc _cBK |
||
| 999 |
_c540921 _d540921 |
||